00753cam a22002657a 4500003000500000005001700005008004100022010000900063011000900072035000900081040000900090082001600099110000800115245010200123260002300225300001000248410000800258490004100266650003900307650003200346650003600378700002400414810000800438830004100446CHAP20220817041014.0971013s1990 r 00010 d a4419 a5391 a4598 cCHAP a338.19bF48 aFAO 0aFood security policy ISSUES in West Africab: past lessons and future prospects a critical review aRome :bFAO,c1990 a82 p. aFAO 0aDesarrollo económico y socialv;9314aAlimentosxAbastecimientozAfrica.14aAlimentosxConsumoxAfrica.14aPolítica alimentariaxAfrica.0 aTapsoba, Edouard K.0 aFAO00aDesarrollo económico y socialv;93